000 00417nam a2200145Ia 4500
008 230917s9999||||xx |||||||||||||| ||und||
040 _e205500
_aMAIN
041 _aEnglish
082 _a005.8 T151S
100 _aTambe, Milind
245 0 _aSecurity and game theory: Algorithms, deployed, systems, lessons learned
260 _aNew Delhi
_bCambridge University Press
_c2012
300 _axiv, 319 p.
942 _cBK
999 _c171712
_d171712